[Event "RUS-ch Superfinal"]
[Site "Moscow"]
[Date "2005.12.26"]
[Round "7"]
[White "Zvjaginsev, Vadim"]
[Black "Dreev, Alexey"]
[Result "1/2-1/2"]
[WhiteElo "2659"]
[BlackElo "2694"]
[Annotator "Babula,V"]
[PlyCount "109"]
[EventDate "2005.12.19"]
[EventType "tourn"]
[EventRounds "11"]
[EventCountry "RUS"]
[EventCategory "17"]
[SourceTitle "CBM 111"]
[Source "ChessBase"]
[SourceDate "2006.04.04"]
[SourceVersion "1"]
[SourceVersionDate "2006.04.04"]
[SourceQuality "1"]

{[%mdl 32]} 1. e4 c5 2. Na3 (2. c3 d5 3. exd5 Qxd5 4. d4 e6 5. Na3) 2... e6 (
2... Nc6 3. Bb5 Qc7 {1-0 Zvjaginsev,V-Khalifman,A/Moscow 2005/CBM 111 (37)} (
3... g6 {1/2-1/2 Zvjaginsev,V-Motylev,A/Moscow 2005/CBM 111 (35)})) 3. c3 d5 4.
e5 {Now the position has the traits of the French 3.e5.} (4. exd5 {is less
suitable due to} exd5 $5 {[%csl Ra3] פa3} ({after} 4... Qxd5 5. d4 {it arises
the position from the Sicilian 2.c3, for the common move order see the line to
move 2.})) 4... Nc6 5. Nf3 Bd7 6. g3 $6 {It looks strange, White wastes time.}
({After} 6. d4 {arises a clear French 3.e5.}) ({But a more frequent option is} 
6. Nc2 f6 7. d4 fxe5 8. dxe5 Qc7 9. Bf4 $13 {1-0 Cicak,S-Dimitrov,V/Figueira
da Foz 2005/EXT 2006 (36)}) 6... a6 {[%csl Gb5]} (6... f6 $5) 7. Nc2 {After
Black's previous move the knight has on a3 no perspectives.} Rc8 $5 ({After} 
7... Qc7 {White is forced to play} 8. d4 $11 ({weaker is namely} 8. Qe2 $143 $6
{due to} Nge7 $15 {[%csl Re5][%cal Ye7g6]} 9. Bg2 $140 Ng6 10. d4 cxd4 11. cxd4
Rc8 {[%csl Rc2][%cal Gc8c2]})) 8. Bg2 (8. d4 $11) 8... Qc7 {The point of
Black's previous move, White can't defend his pawn wedge e5 by playing d2-d4.}
9. Qe2 (9. d4 $2 cxd4 10. cxd4 Nxe5 $17) 9... c4 {Now White's d pawn can never
defend the e5 pawn, after d2-d4 Black takes it c4xd3 en passant.} ({But Black
can continue the fight against the e5 pawn more energetic way} 9... g5 $5 {
[%csl Re5,Rf3][%cal Yg5g4,Yf8g7] , for example} 10. h3 Bg7 11. d4 (11. d3 h6)
11... cxd4 12. Ncxd4 (12. cxd4 $6 Nxe5 $1) 12... h6 $5) 10. O-O Bc5 (10... f6
$5) (10... g5 $5) 11. Nce1 $5 {White prepares d2-d4 and after c5xd3 the point
is Nxd3 with protecting the e5 pawn.} ({Other plan is to start the play on the
queenside} 11. b3 {, for example} b5 12. a4 Nge7 (12... cxb3 $143 $6 13. axb5
axb5 (13... Nxe5 $2 14. Qxe5 Qxe5 15. Nxe5 Bxb5 16. Ne1 $16) 14. Ba3 $1 $14 Qb6
15. Bxc5 Qxc5 16. Ncd4) 13. axb5 axb5 14. Ba3 Bxa3 15. Nxa3 Rb8 $11) 11... Na5
{Black prepares to meet White's idea with Bd7-b5.} ({Possible is also simple} 
11... Nge7 12. d4 cxd3 13. Nxd3 Ba7 $11) 12. d4 cxd3 13. Nxd3 Bb6 {Finally
Black changes his mind.} ({But} 13... Bb5 $5 {deserves attention, Black can't
be afraid of} 14. b4 {because of} Bf8 $13 (14... Ba7 $143 $6 15. bxa5 Qxc3 16.
Rd1 Qxa1 17. Be3 $14)) 14. Nd4 {[%csl Gb5]} Ne7 15. Bg5 Ng6 $6 {It gives White
a tempo for the advance of his h pawn.} (15... Nec6 $6 {is also not suitable
because of} 16. Nf3 $5 {[%csl Ra5] פa5}) (15... Nac6 $142 $5 $13 {looks the
best.}) 16. h4 $5 {[%csl Rg6][%cal Yh4h5]} h6 17. Bc1 $6 {It gives Black time
to consolidate.} ({Energetic} 17. h5 $142 $5 $14 {gives White an edge.}) 17...
Ne7 18. Rd1 (18. Qg4 Bxd4 19. cxd4 Nf5 $132 {[%csl Rd4] is similar to the game.
}) 18... Bxd4 $5 {The correct and strong decision, now it is White who has to
hold the balance.} ({Premature is} 18... O-O $6 19. Qg4 $14) ({but} 18... Nac6
$11 {is possible also.}) 19. cxd4 Nf5 20. Ne1 $6 {[%csl Gc2] White plays in
this game strategically very interesting, but this move is dubious, the knight
here on e1 will be soon source of problems.} (20. Nf4 $142 $11) 20... Bb5 21.
Qg4 Nc6 $15 {Black's position is already slightly better.} 22. Rd2 $6 {[%csl
Gc2,Ge2] Another anti-developing move.} ({It is not possible} 22. b3 $4 {
because of} Ncxd4 $1 $19 23. Rxd4 $140 Qc3 {[%csl Ra1,Rd4]}) ({dubious is also
} 22. Bxd5 $6 Rd8 $15) ({Perhaps the best is} 22. Be3 O-O $15) 22... Qa5 $1 {
[%csl Re1][%cal Ga5e1]} ({Weaker} 22... O-O $143 $6 {allows White to finish
his development} 23. b3 $1 $11 {, for example} Qa5 (23... Ncxd4 $2 24. Bb2 Nc6
25. a4) 24. Qd1 $5 Ncxd4 $140 $2 25. Bb2 Nc6 26. a4) 23. Nc2 {It looks like
the only move.} (23. Qd1 $2 Ncxd4 $1) (23. b3 $2 Ncxd4 $1) 23... Nb4 $2 {
An mistake which turns the tables.} ({After correct} 23... O-O $142 $15 {
White has big problems to finish the development, for example} 24. b3 Qc3 25.
Qf3 Qxc2 $5 26. Rxc2 Ncxd4) 24. Nxb4 Qxb4 25. Qd1 $14 {White pieces regain
lost coordination and White is even slightly better as Black can't prevent
White's next simple plan b2-b3, a2-a4 and Bc1-a3.} O-O (25... a5 26. a3 $1 (26.
b3 $6 a4 $1) 26... Qe7 27. a4 $14 {[%cal Yb2b3,Yc1a3]}) (25... Rc4 26. a3 Qa5
27. b3 $14) 26. b3 $1 {[%cal Ya2a4,Yc1a3]} Qa5 27. a4 Bd7 28. Ba3 Rfe8 29. Bc5
Qd8 ({After sacrificing the exchange} 29... Rxc5 30. dxc5 Qxc5 31. Rc1 $14 {
Black fights for a draw.}) 30. a5 Bb5 31. b4 $14 {The position on the
queenside has stabilized, White's bishop on his outpost c5 can't be attacked
and the d4 pawn isn't the weakness any more. The centre of the forthcoming
play moves to the kingside.} f6 32. Qe1 $6 {Too passive.} ({After better} 32.
Qh5 $142 $1 $14 {Black has much more worries than in the game, for example}
fxe5 (32... Kh7 33. Re1) 33. dxe5 Qc7 (33... Kh7 $2 34. Rxd5 $1 exd5 35. Qxf5+
$16) (33... Bc4 34. Rc1 {[%cal Yc1c4]}) 34. g4 Ne7 35. Re1) 32... Qd7 {[%cal
Yd7f7,Yf7g6]} 33. Bh3 (33. h5 $6 Qf7 {[%csl Rh5]}) 33... Qf7 34. Ra3 h5 {
Blocking the kingside.} 35. Rf3 Qg6 36. Qb1 {Leads to simplification.} (36.
exf6 $5 {gives more chances, for example} Qxf6 (36... gxf6 $143 $6 37. Qb1 Qh6
(37... Nxh4 $2 38. Qxg6+ Nxg6 39. Rxf6 $18) 38. Rf4) 37. Rf4 $14) 36... fxe5 $5
({Of course not} 36... Nxh4 $2 {because of} 37. Qxg6 Nxg6 38. exf6 $16) ({But} 
36... Qh6 {is playable as well.}) 37. Bxf5 (37. dxe5 $2 Nxh4) 37... exf5 38.
Qxf5 Qxf5 39. Rxf5 exd4 40. Rxd4 (40. Rxh5 $143 $6 {lets Black the strong
passed d pawn} Re1+ 41. Kh2 d3 {o^d3}) 40... g6 41. Rg5 (41. Rfxd5 $2 Bc6 $17 {
[%cal Ye8e1]}) 41... Re6 $14 {The drawish tendencies of the opposite coloured
bishops ending are well known, they increase with exchanges of other pieces.
But in this position there are still both rooks on the board and White has
good prospects to organize an attack against Black's monarch with them. In
such cases the factor of the opposite coloured bishops helps the attacking
side. So the conclusion is, that the position still requires from Black
patient and careful defence.} 42. g4 $1 {Starting the active operations
against Black's king and also gaining some space for his own one.} (42. Rdxd5
$143 $6 Bc6 43. Rde5 $140 Rxe5 44. Rxe5 Re8) 42... hxg4 43. Rdxg4 Kh7 44. h5 $6
{This move leads only to further simplifications. Most probably White
overlooked something,} ({otherwise he would continue} 44. Rxd5 $142 $14) 44...
Be8 $1 (44... gxh5 $2 {gives White the winning attack} 45. Rxh5+ Rh6 46. Rhg5
$18) 45. hxg6+ Rxg6 46. Rh5+ Kg8 47. Rxg6+ Bxg6 48. Rxd5 $14 {Now White's
advantage is only symbolic, to convert his extra pawn is not possible.} Be4 49.
Re5 Bc6 50. f4 Re8 51. Rg5+ Kf7 52. Kf2 Re4 53. Rf5+ Kg6 54. Rg5+ Kf7 55. Rf5+
1/2-1/2

[Event "RUS-ch Superfinal"]
[Site "Moscow"]
[Date "2005.12.23"]
[Round "5"]
[White "Zvjaginsev, Vadim"]
[Black "Bareev, Evgeny"]
[Result "1/2-1/2"]
[WhiteElo "2659"]
[BlackElo "2675"]
[Annotator "Lukacs,P"]
[PlyCount "117"]
[EventDate "2005.12.19"]
[EventType "tourn"]
[EventRounds "11"]
[EventCountry "RUS"]
[EventCategory "17"]
[SourceTitle "CBM 111"]
[Source "ChessBase"]
[SourceDate "2006.04.04"]
[SourceVersion "1"]
[SourceVersionDate "2006.04.04"]
[SourceQuality "1"]

1. e4 c6 2. d4 d5 3. e5 Bf5 4. Nd2 e6 5. Nb3 Nd7 6. Nf3 a6 $5 (6... Bg6 {
vacating the f5 square for the N.} 7. Be2 Nh6 {Black is not afraid of taking
on h6.} (7... Ne7 8. O-O {- Delchev-P.Schlosser, FRA-chT 2003 CBM 95}) 8. O-O
Be7 (8... Nf5 9. c3 (9. Bd2 Be7 10. g4 Nh4 11. Nxh4 Bxh4 12. f4 f5 $1 {is the
precise defence.} (12... f6 {allows the agression after} 13. f5 Bf7 14. g5 exf5
(14... fxe5 15. fxe6 Bxe6 16. Bg4 $16 {Groszpeter-A.Vajda, Zalakaros 2002}) 15.
gxf6 gxf6 16. e6 Rg8+ 17. Kh1 Bxe6 18. Bh5+ $40)) (9. Ne1 Be7 10. c3 (10. Nd3
O-O 11. c3 Qb6 12. Bf4 (12. Nf4 c5) 12... Rac8 13. g4 Nh4 14. Bg3 Bxd3 15. Bxd3
c5 16. dxc5 Nxc5 17. Nxc5 Rxc5 $14 {1/2-1/2 Zhigalko-Galkin, Rethymnon 2003,
but White's ^^ gives some small chances for him.}) (10. Bd3 O-O 11. f4 c5 12.
dxc5 Nxc5 13. g4 Nh4 $15 {and White has created only weaknesses in his camp,
De.Boros-Krivoborodov, Peniscola 2002.}) 10... Qc7 11. Nd3 f6 12. Bf4 (12. f4
O-O) 12... fxe5 13. Nxe5 Bd6 {White cannot hold the vital e5 square with his
pieces anymore.} 14. Re1 (14. Nxg6 hxg6 15. Bxd6 Qxd6 16. h3 O-O-O $13 {
/\ e5 with an active position for Black.}) 14... Bxe5 15. dxe5 (15. Bxe5 Nxe5
16. dxe5 O-O (16... Qxe5 $2 17. Nc5) 17. Bd3 (17. Nc5 {This only helps for
Black's central plans.} Qe7 18. b4 b6 19. Nd3 c5 20. bxc5 bxc5 21. Bh5 Nh4 $15
{Collutiis-Efimov, Porto San Giorgio 2004}) 17... c5 18. c4 $13) 15... O-O 16.
Nd4 Nc5 17. Nxf5 Bxf5 18. Be3 b6 $13) 9... a6 (9... Be7 10. g4 $5 Nh4 11. Nxh4
Bxh4 12. f4 f5 13. exf6 (13. g5 {cannot catch the trapped B because of} Qe7 14.
Nd2 h6 $1 15. Nf3 hxg5 16. fxg5 Bh5 $1 17. Nxh4 Bxe2 18. Qxe2 Rxh4 {/\ 0-0-0})
(13. h3 Qe7 {/\ 0-0-0}) 13... Bxf6 (13... Qxf6 14. Nd2 h5 15. g5 Qf5 16. Nf3
Qg4+ 17. Kh1 Be4 18. Bd3 $16) 14. Bd3 Bxd3 15. Qxd3 {The >< e6 is a target,
but White's B is passive, and his >> is a bit weakened.} O-O $11 (15... g6 16.
Bd2 Qe7 17. Rae1 O-O (17... O-O-O $5 $132 {looked more exciting!}) 18. Kh1 Rae8
19. f5 $5 (19. Re2 $11) 19... gxf5 20. gxf5 e5 21. dxe5 (21. Na5 $5 e4 22. Qh3
Nb6 23. Rg1+ Kh8 $13) 21... Nxe5 22. Qh3 {/\ Nd4-e6} Kh8 23. Nd4 Rg8 24. Ne6
$14 {The N is very nice on e6, but White cannot connect another piece to him,
Delchev-Schlosser, France 2003 CBM 095.} (24. Bf4 $14))) 10. g4 (10. Bg5 Be7
11. Bxe7 Nxe7 {The exchange of the dark-squared B is good for White from
strategical point of view, but now Black has no space problem on the e7 square.
} 12. Qd2 O-O 13. Ng5 h6 14. Nh3 {/\ Nf4} Qb6 15. Nf4 c5 16. Bh5 (16. Nxg6 fxg6
$5 17. dxc5 Nxc5 18. Qd4 Rac8 19. Bg4 Nf5 20. Bxf5 gxf5 $11) 16... Bh7 17. Rfe1
cxd4 18. cxd4 Rac8 $132 {I.Markovic-Pejovic, Budva 2003}) 10... Nh4 11. Nxh4
Qxh4 12. f4 f5 $1 {If Black can blockade the >>, his chances are no worse.} 13.
Be3 (13. exf6 Nxf6 $13) 13... Qe7 14. g5 h6 15. h4 hxg5 16. hxg5 Qf7 17. Kg2
Bh5 18. Rh1 Bxe2 19. Qxe2 Rxh1 20. Rxh1 Be7 $13 {Parligras-Svetushkin,
Mallorca 2004}) 9. Bxh6 {In general the corruption of Black's >> is not a big
price for the ^^.} (9. a4 {The advance on the << is not a dangerous plan for
Black.} O-O 10. a5 (10. Bxh6 $5 gxh6 11. Bd3 f6) 10... b5 11. axb6 axb6 12. c4
Rxa1 13. Nxa1 Nf5 $11 (13... dxc4 14. Bxh6 gxh6 15. Bxc4 $14 {Markovic-Zelcic,
Bled op 2000})) 9... gxh6 10. Qd2 h5 $14 {- Rublevsky-Lastin, Kazan 2005 CBM
109}) 7. Be2 h6 {Securing the retreat for the important B.} (7... c5 $5 8. dxc5
(8. O-O Ne7 (8... c4 9. Nbd2 Ne7) 9. c3 c4 10. Nbd2 Nc6 11. Ne1 g5 (11... Be7
12. f4 $14) 12. Nc2 $1 $14 {/\ Ne3} (12. g4 Bg6 13. Ng2 Bg7 $13 {
Polovnikova-Khurtsidze, Istanbul 2003})) 8... Ne7 (8... Nxc5 9. Nbd4 Be4 {
in order to put pressure on the [+].} (9... Bg6 10. O-O) 10. O-O Ne7 $13) 9.
O-O (9. Nbd4 Nxc5 10. Nxf5 Nxf5 {wins the ^^, but helps for Black to finish
his development.} 11. O-O Be7 $11) (9. Bg5 Qc7 {leaving the pin immediately.}
10. c4 {White wants to open up the position.} dxc4 11. Bxc4 Nxe5 12. Nxe5 Qxe5+
13. Qe2 Nc6 {and Black will successfully finish his development.}) 9... Nc6 10.
Nbd4 Bg4 (10... Ndxe5 $2 {runs into the pin on the e <-> after} 11. Nxf5 exf5
12. Nxe5 Nxe5 13. Re1 $16) (10... Be4 {deserves attention again.} 11. c4 Nxd4
12. Nxd4 Bxc5 $11) 11. c4 (11. Nxc6 bxc6 12. b4 Bxf3 13. Bxf3 Nxe5 14. Be2 a5
$1 {closing the long /^.} 15. c3 Be7 $13 {and Black's perspectives in the [+]
are not worse than White's chances on the <<.}) 11... Bxc5 12. cxd5 exd5 $5 {
was simplest way for equalization.} (12... Nxd4 $6 13. Nxd4 Bxe2 (13... Bxd4 $6
14. Bxg4 $16) 14. Nxe2 Nxe5 (14... exd5 $2 15. Qxd5 $16) 15. Bf4 $14 {-
Zvjaginsev-Sargissian, Ubeda 2000 CBM 075} (15. Nf4 $5 O-O $1 (15... exd5 $2 {
opens the e <-> while his K is still in the [+].} 16. Re1 f6 17. Qh5+ $16) (
15... g5 {is strongly met by the intermediate move} 16. Re1 $1 Bd6 17. dxe6
gxf4 18. Bxf4 $16 {winning back the piece with a strong ->.}) 16. Qe2 (16. dxe6
$143 {wins the P, but loses the |^.} Qxd1 17. exf7+ Rxf7 18. Rxd1 Ng4 19. Rf1
Raf8 $36) (16. Qh5 $143 Qd6 17. dxe6 fxe6 18. Rd1 {runs into the counterattack
after} Bxf2+ $1 19. Kxf2 Nd3+ 20. Rxd3 Qxd3 21. Be3 e5 $1 {opening up the
lines for the rooks.} 22. Qxe5 Rae8 23. Qc5 b6 24. Qxb6 g5 25. g3 gxf4 26. gxf4
Qc2+ 27. Kg3 Rf7 $17) 16... Qd6 17. dxe6 fxe6 18. Rd1 Qc7 19. Be3 Bxe3 20. Qxe3
Nf3+ 21. Qxf3 Qxf4 22. Qxf4 Rxf4 23. Rac1 $14 {with a slight edge in the _|_
because of the rooks on the opened lines and the backward P on e6.})) 13. Nb3 (
13. Nxc6 bxc6 14. Qa4 Bxf3 15. Bxf3 Qb6 $11 {with a strong pressure on the
dark squares.}) 13... Bb6 14. Qxd5 (14. Bf4 O-O $11 {and >< e5 is also weak.})
14... Ndxe5 $11) 8. O-O Ne7 9. c3 {White's play is caotious, quiet, but not
forceful.} Rc8 10. h3 Be4 $5 (10... g5 $5 {was the aggressive setup.}) (10...
Bh7 {/\ Nf5} 11. Re1 Nf5 {/\ Be7}) 11. Nbd2 Bxf3 12. Nxf3 {White has secured
the ^^ by losing some tempi, but Black will attack his [+].} c5 13. Bd3 cxd4
14. cxd4 Qb6 15. Bc2 Nc6 $13 {Black has the well-known "French" pressure
against >< d4.} 16. Rb1 Qa7 $5 {vacating the b6 square for the N.} (16... Be7
17. a3 Qa7 18. Be3 Nb6 19. Nd2) 17. Be3 Nb6 18. Nd2 g6 19. a3 Be7 20. Bd3 Na5
21. Nf3 {White's strategical plan is usually f4, g4, f5, but it was not easy
to execute.} Nac4 22. Bc1 Nd7 23. Re1 Kf8 $1 {/\ Kg7, since f4-f5 is far from
easy.} 24. h4 {/\ h5} Kg7 25. Bf1 Qb6 26. Qd3 Na5 27. b4 Nc6 (27... Nc4 {
The N is excellent here, but in a way also blocks the further advance on the
<<.} 28. h5 $1 g5 29. Nh2 a5 30. Ng4 $36) 28. Rd1 h5 {against h5, but the ><
g5 becomes weak.} 29. Rb3 Bd8 30. b5 {White's chances on the << are not very
promising.} axb5 (30... Na5 $5 31. Rb1 Nc4) 31. Rxb5 Qa7 32. Qb1 b6 (32... Rc7
33. Bg5 Be7 34. Bxe7 Nxe7 35. Qb2 Ra8 $11) 33. Bd3 Qa4 34. Bc2 Qa8 35. a4 Ne7
36. Qb3 Qc6 37. Bd3 Nf5 $11 {and White's action on the << has also been
stopped.} 38. g3 Qc3 39. Bd2 Qxb3 40. Rxb3 Rc7 (40... Rf8 41. Bb5 Nb8 42. Bb4
Be7) 41. Bb5 Be7 $1 {Activating the B Black sacrifices the b P, but he has an
enormous pressure on a4.} 42. Rc1 (42. Bxd7 Rxd7 43. Rxb6 Ra8 44. a5 Bd8 45.
Rb5 Rda7 46. Ra1 Ne7 47. Rc5 Ra6 $11 {/\ Nc6 and the o^ will fall.}) 42...
Rxc1+ 43. Bxc1 Rc8 44. Bd2 Nb8 {Black can hold the _|_ without problems, the
^^ is not so effective in a closed position, and >< d4 is also a target.} 45.
Rc3 (45. Kf1 Rc7 46. Ke2 Nc6 47. Kd3 Na5 48. Rc3 Rxc3+ 49. Bxc3 Kf8) 45... Rxc3
46. Bxc3 Ba3 47. Ne1 Bf8 48. Nc2 Ne7 49. a5 (49. Kf1 Nec6) 49... bxa5 50. Bxa5
{Now the rest is easy.} Nec6 51. Bb6 Be7 52. Kg2 Bd8 53. Bxd8 Nxd8 54. Nb4 f6
55. f3 (55. Be8 fxe5 56. dxe5 Nf7 $11) 55... Kf7 56. g4 hxg4 57. fxg4 g5 58.
Kg3 Ke7 59. exf6+ 1/2-1/2